Protocols additional to the Geneva Conventions of 12 August 1949 (Record no. 63170)
[ view plain ]
| 000 -LEADER | |
|---|---|
| fixed length control field | 00625nam a22001937a 4500 |
| 003 - CONTROL NUMBER IDENTIFIER | |
| control field | NUST - PNEC |
| 005 - DATE AND TIME OF LATEST TRANSACTION | |
| control field | 20170116180805.0 |
| 008 - FIXED-LENGTH DATA ELEMENTS--GENERAL INFORMATION | |
| fixed length control field | 150422b xxu||||| |||| 00| 0 eng d |
| 020 ## - INTERNATIONAL STANDARD BOOK NUMBER | |
| International Standard Book Number | 2881450288 |
| 040 ## - CATALOGING SOURCE | |
| Transcribing agency | LIBRARY |
| 082 ## - DEWEY DECIMAL CLASSIFICATION NUMBER | |
| Classification number | 341.67 ICR |
| 100 ## - MAIN ENTRY--PERSONAL NAME | |
| 9 (RLIN) | 2940 |
| Personal name | Cross, International Committee Red |
| 245 ## - TITLE STATEMENT | |
| Title | Protocols additional to the Geneva Conventions of 12 August 1949 |
| Statement of responsibility, etc. | International Committee of the Red Cross |
| 250 ## - EDITION STATEMENT | |
| Edition statement | - |
| 260 ## - PUBLICATION, DISTRIBUTION, ETC. | |
| Place of publication, distribution, etc. | Geneva |
| Name of publisher, distributor, etc. | International Committee of the Red Cross |
| Date of publication, distribution, etc. | c1977. |
| 300 ## - PHYSICAL DESCRIPTION | |
| Extent | 123 p. : |
| Dimensions | 23 cm. |
| 650 ## - SUBJECT ADDED ENTRY--TOPICAL TERM | |
| 9 (RLIN) | 2943 |
| Topical term or geographic name entry element | War--Protection of civilians |
| General subdivision | General |
| 942 ## - ADDED ENTRY ELEMENTS (KOHA) | |
| Source of classification or shelving scheme | |
| Koha item type | Book |
| Withdrawn status | Lost status | Source of classification or shelving scheme | Damaged status | Not for loan | Permanent Location | Current Location | Shelving location | Date acquired | Source of acquisition | Cost, normal purchase price | Total Checkouts | Full call number | Barcode | Date last seen | Cost, replacement price | Price effective from | Koha item type |
|---|---|---|---|---|---|---|---|---|---|---|---|---|---|---|---|---|---|
| Pakistan Navy Engineering College (PNEC) | Pakistan Navy Engineering College (PNEC) | Donated Book | 0.00 | 341.67 ICR | PNECLIB-021151 | 04/22/2015 | 0.00 | Book |
